00493nam a22001337a 4500003000300000005001700003008004100020020001800061050002900079100003000108245013400138260005600272300003100328LC20231108094935.0151202b xxu||||| |||| 00| 0 eng d a9788477118930 aTR IB PC 4117 .H556 2011 aHermoso, Alfredo Gonzalez aECO A1+A2 :bcurso modular de español lengua extranjera : cuaderno de refuerzocAlfredo Gonzalez Hermoso, Carlos Romero Duenas  aMadrid : SpainbEdelsa Grupo Didascalia, S.A c2011 a96 pages.,bill.,c27 cm.